| 000 | 00710nam a22001937a 4500 | ||
|---|---|---|---|
| 003 | BD-DhUL | ||
| 005 | 20170516134326.0 | ||
| 008 | 170516s2003 bg |||| |||| 000 0 ben | ||
| 020 | _a984810231X | ||
| 040 |
_aBD-DhUL _cBD-DhUL |
||
| 082 |
_a320.95492 _bMAJ |
||
| 100 | 1 | _aমাহমুদ, ইকবাল হাসান | |
| 245 | 1 |
_aজাতীয়তাবাদের পথ ধরে / _cইকবাল হাসান মাহমুদ |
|
| 260 |
_aঢাকা : _bসূচীপত্র, _c২০০৩। |
||
| 300 |
_a১১২ পৃ. ; _c২২ সেমি.। |
||
| 651 | 0 | _aবাংলাদেশ - রাজনীতি | |
| 651 | 0 | _aBangladesh - Politics | |
| 942 |
_2ddc _cBK |
||
| 999 |
_c197580 _d197580 |
||